000
003200000a22001450004500
003
MACL
040
_a
MACL
090
_c
7858
_d
7857
100
_a
Prasad, Dr. Rajendra
245
_a
The Unity Of India
260
_b
The Director Publications Division
_c
1970
350
_a
1.75
650
_a
Sociology
942
_c
BOOK
_k
300
999
_c
7809
_d
7809